000 00912nam a2200265 i 4500
001 000026991
003 DO-SdBNP
005 20240305103442.0
007 ta
008 110328s1942 dr 000 0 spa d
040 _aDO-SdBNP
_bspa
_cBNPHU
_erda
082 _222
_bP349t
100 1 _aPeña Batlle, Manuel A.
_eautor
_954091
245 1 0 _aTransformaciones del pensamiento político /
_cManuel A. Peña Batlle; prólogo Héctor Inchaustegui Cabral.
264 _aSantiago, República Dominicana :
_bEl Diario,
_c1942.
300 _a170 paginas ;
_c21 cm.
336 _2rdacontent
_atexto
_btxt
337 _2rdamedia
_asin mediación
_bn
338 _2rdacarrier
_avolumen
_bnc
500 _aIncluye referencias bibliográficas y notas al pie de las páginas
590 _aInventariado, 2023 / DG
700 1 _aIncháustegui Cabral, Héctor,
_d1912-1979
_epról.
_921024
910 _aDG
942 _2ddc
_cLBS1
999 _c26483
_d26483